"Gewalt, Ordnung, Staatlichkeit": interdisziplinäre Konferenz, 30. März bis 01. April 2006 in Hamburg

Saved in:  
Bibliographic Details
Main Author: Menzel, Birgit 1962- (Author)
Format: Electronic Article
Language:German
Published: 2006
In: Kriminologisches Journal
Year: 2006, Volume: 38, Issue: 3, Pages: 228-232
Online Access: Volltext (kostenfrei)
Volltext (kostenfrei)
Volltext (kostenfrei)
Rights Information:InC 1.0
Check availability: HBZ Gateway

MARC

LEADER 00000caa a2200000 c 4500
001 1940763444
003 DE-627
005 20260416134916.0
007 cr uuu---uuuuu
008 251110s2006 xx |||||o 00| ||ger c
024 7 |a urn:nbn:de:bsz:21-dspace-1783081  |2 urn 
024 7 |a 10.15496/publikation-119632  |2 doi 
024 7 |a 10900/178308  |2 hdl 
035 |a (DE-627)1940763444 
035 |a (DE-599)KXP1940763444 
040 |a DE-627  |b ger  |c DE-627  |e rda 
041 |a ger 
084 |a 2,1  |2 ssgn 
100 1 |a Menzel, Birgit  |d 1962-  |e VerfasserIn  |0 (DE-588)120502232  |0 (DE-627)080715141  |0 (DE-576)292252617  |4 aut 
109 |a Menzel, Birgit 1962- 
245 1 0 |a "Gewalt, Ordnung, Staatlichkeit"  |b interdisziplinäre Konferenz, 30. März bis 01. April 2006 in Hamburg  |c Birgit Menzel 
264 1 |c 2006 
336 |a Text  |b txt  |2 rdacontent 
337 |a Computermedien  |b c  |2 rdamedia 
338 |a Online-Ressource  |b cr  |2 rdacarrier 
540 |q DE-2619  |a  Urheberrechtsschutz 1.0  |2 rs  |u http://rightsstatements.org/vocab/InC/1.0/ 
773 0 8 |i Enthalten in  |t Kriminologisches Journal  |d Weinheim : Beltz Juventa, 1969  |g 38(2006), 3, Seite 228-232  |h Online-Ressource  |w (DE-627)719408636  |w (DE-600)2669998-9  |w (DE-576)369992946  |7 nnas 
773 1 8 |g volume:38  |g year:2006  |g number:3  |g pages:228-232 
856 4 0 |u http://hdl.handle.net/10900/178308  |x Digitalisierung  |x Resolving-System  |z kostenfrei  |3 Volltext  |7 0 
856 4 0 |u http://nbn-resolving.org/urn:nbn:de:bsz:21-dspace-1783081  |x Digitalisierung  |x Resolving-System  |z kostenfrei  |3 Volltext  |7 0 
856 4 0 |u https://doi.org/10.15496/publikation-119632  |x Digitalisierung  |x Resolving-System  |z kostenfrei  |3 Volltext  |7 0 
951 |a AR 
ELC |a 1 
LOK |0 000 xxxxxcx a22 zn 4500 
LOK |0 001 480192770X 
LOK |0 003 DE-627 
LOK |0 004 1940763444 
LOK |0 005 20251110154041 
LOK |0 008 251110||||||||||||||||ger||||||| 
LOK |0 040   |a DE-2619  |c DE-627  |d DE-2619 
LOK |0 092   |o n 
LOK |0 852   |a DE-2619 
LOK |0 852 1  |9 00 
LOK |0 939   |a 2025-11-10  |b l01 
OAS |a 1 
ORI |a WA-MARC-krimdoka001.raw